Statistics for The Vamps - all songs

Click here to take the quiz!

General Stats

  • This quiz has been taken 171 times
    (145 since last reset)
  • The average score is 72 of 111

Answer Stats

AlbumAnswer% Correct
All Night
97%
Wake Up: DeluxeWake Up
95%
Can We Dance
89%
Somebody To You
89%
Meet The Vamps: DeluxeWild Heart
88%
Married In Vegas
86%
Night And Day: Night EditionMiddle Of The Night
84%
Oh Cecilia
84%
Better
83%
Hands
83%
Night And Day: Day EditionJust My Type
83%
Missing You (EP)Missing You
83%
Shades On
83%
Hair Too Long
81%
Last Night
81%
Paper Hearts
81%
Cheater
80%
Stay
80%
Girls On Tv
78%
Cherry BlossomGlory Days
78%
Chemicals
77%
Rest Your Love
77%
Volcano
77%
I Found A Girl
75%
Personal
75%
Bitter
73%
Boy Without A Car
73%
Shout About It
73%
Would You
73%
All The Lies
72%
Lovestruck
72%
Risk It All
72%
Too Good To Be True
72%
Move My Way
70%
Nothing But You
70%
Protocol
70%
Treading Water
70%
Golden
69%
High Hopes
69%
Sometimes
69%
Windmills
69%
Cheap Wine
67%
Million Words
67%
Same To You
67%
Waves
67%
Another World
66%
Come Grind With Me
66%
Coming Home
66%
For You
66%
It's A Lie
66%
Stolen Moments
66%
Dangerous
64%
Hurricane
64%
Night And Day: Day Edition
(Extra Tracks)
If I Was Your Man
64%
She Was The One
64%
Sometimes It Rains In L.A.
64%
What Your Father Says
64%
Burn
63%
Fall
63%
Sad Song
63%
Smile
63%
SinglesStaying Up
63%
On The Floor
61%
Part Of Me
61%
Time Is Not On Our Side
61%
Be With You
59%
Held By Me
59%
Night And Day (Extra Tracks)I Love Loving You
59%
Juicy Fruit
59%
Peace Of Mind
59%
Pictures Of Us
59%
Scars
59%
Talk Later
59%
Tequila
59%
Worry
59%
Kiss
58%
My Life
58%
Naked
58%
Right Now
58%
Runaway
58%
Shivers
58%
All Around The World
56%
Black And Blue
56%
All Night (EP)Talk Shows
56%
Another You
55%
Half Way There
55%
Hideaway
55%
UnreleasedJack
55%
Meet The Vamps: Christmas
Edition
Jingle Bell Rock
55%
Jingle Bells
55%
Written Off
55%
We Don't Care
53%
Hoping For Snow
52%
My Place
52%
Seat At The Table
52%
Stumble Home
52%
Silent Night
50%
Hallelujah
48%
On My Way
48%
We Wish You A Merry Christmas
48%
I Wish It Could Be Christmas Everyday
47%
Higher
41%
On Your Mind
41%
She Looks So Perfect
41%
Hope
39%
Stay Here
39%
Sleighing In The Snow
38%
Words (Don't Mean A Thing)
38%
A Thousand Years
34%
CoversYear 3000
33%

Score Distribution

Percentile by Number Answered

Percent of People with Each Score

Your Score History

You have not taken this quiz since the last reset